|
|
|
|
| LEADER |
02447nam a22005175i 4500 |
| 001 |
978-88-470-1968-3 |
| 003 |
DE-He213 |
| 005 |
20151204185614.0 |
| 007 |
cr nn 008mamaa |
| 008 |
110713s2011 it | s |||| 0|ita d |
| 020 |
|
|
|a 9788847019683
|9 978-88-470-1968-3
|
| 024 |
7 |
|
|a 10.1007/978-88-470-1968-3
|2 doi
|
| 040 |
|
|
|d GrThAP
|
| 050 |
|
4 |
|a QB1-991
|
| 050 |
|
4 |
|a QB460-466
|
| 050 |
|
4 |
|a QB980-991
|
| 072 |
|
7 |
|a PGC
|2 bicssc
|
| 072 |
|
7 |
|a SCI004000
|2 bisacsh
|
| 072 |
|
7 |
|a SCI005000
|2 bisacsh
|
| 082 |
0 |
4 |
|a 520
|2 23
|
| 100 |
1 |
|
|a Lamberti, Corrado.
|e author.
|
| 245 |
1 |
0 |
|a Capire l’Universo
|h [electronic resource] :
|b L’appassionante avventura della cosmologia /
|c by Corrado Lamberti.
|
| 264 |
|
1 |
|a Milano :
|b Springer Milan,
|c 2011.
|
| 300 |
|
|
|a X, 190 pagg. 86 figg., 1 figg. a colori.
|b online resource.
|
| 336 |
|
|
|a text
|b txt
|2 rdacontent
|
| 337 |
|
|
|a computer
|b c
|2 rdamedia
|
| 338 |
|
|
|a online resource
|b cr
|2 rdacarrier
|
| 347 |
|
|
|a text file
|b PDF
|2 rda
|
| 490 |
1 |
|
|a Le Stelle, Collana a cura di Corrado Lamberti
|
| 520 |
|
|
|a Per chi non è uno specialista nel campo non è facile capire a fondo i concetti della cosmologia moderna, che si basano sulla Relatività Generale e si intrecciano con le conquiste più recenti della fisica delle particelle. L’intento di questo libro è quello di riuscire ad addomesticare i tecnicismi e le astrazioni dei cosmologi così da offrirli alla comprensione di tutti. Il libro ripercorre l’evoluzione del pensiero cosmologico moderno, partendo da Herschel e passando per i lavori della Leavitt, di Shapley, Hubble, Friedmann, Lemâitre, Gamow fino all’affermazione del modello del Big Bang con l’inflazione e alla recente scoperta dell’energia oscura come motore dell’espansione cosmica accelerata.
|
| 650 |
|
0 |
|a Physics.
|
| 650 |
|
0 |
|a Astronomy.
|
| 650 |
|
0 |
|a Astrophysics.
|
| 650 |
|
0 |
|a Cosmology.
|
| 650 |
|
0 |
|a Observations, Astronomical.
|
| 650 |
|
0 |
|a Astronomy
|x Observations.
|
| 650 |
1 |
4 |
|a Physics.
|
| 650 |
2 |
4 |
|a Astronomy, Astrophysics and Cosmology.
|
| 650 |
2 |
4 |
|a Astronomy, Observations and Techniques.
|
| 710 |
2 |
|
|a SpringerLink (Online service)
|
| 773 |
0 |
|
|t Springer eBooks
|
| 776 |
0 |
8 |
|i Printed edition:
|z 9788847019676
|
| 830 |
|
0 |
|a Le Stelle, Collana a cura di Corrado Lamberti
|
| 856 |
4 |
0 |
|u http://dx.doi.org/10.1007/978-88-470-1968-3
|z Full Text via HEAL-Link
|
| 912 |
|
|
|a ZDB-2-PHA
|
| 950 |
|
|
|a Physics and Astronomy (Springer-11651)
|